Física

Guardat en:
Dades bibliogràfiques
Autors principals: Delizoicov, Demétrio (Autor), Angotti, José André Peres (Autor)
Format: Llibre
Idioma:portuguès
Publicat: Sao Paulo Cortez Editora 1992
Edició:2a. ed
Col·lecció:Formacao Geral
Matèries:
Etiquetes: Afegir etiqueta
Sense etiquetes, Sigues el primer a etiquetar aquest registre!

MARC

LEADER 00000cam a2200000 a 4500
001 UCC1623
003 CL-VaPUC
008 171117e19920000bl |||||||||||||||||por|d
020 |a 8524902868 
082 0 4 |a 530.07  |b DEL  |2 21 
100 0 |a Delizoicov, Demétrio  |e author  |9 595662 
700 0 |a Angotti, José André Peres  |e author  |9 595663 
245 1 0 |a Física 
250 |a 2a. ed 
300 |a 181 p 
942 |c BK 
945 |d 20171117 16:06:00  |a dcastane 
260 |a Sao Paulo  |b Cortez Editora  |c 1992 
650 0 |a Física   |9 227844 
650 0 |a Filosofía de las ciencias  |9 256466 
583 |a last modification  |c 20171117 16:06:00  |k Rodrigo Vera 
490 0 |a Formacao Geral 
999 |c 370034  |d 370032 
952 |0 0  |1 0  |3 erb  |4 0  |6 530_070000000000000_DEL_1992  |7 0  |8 A  |9 486310  |a BIBCUR  |b BIBCUR  |i 5435722  |o 530.07 DEL 1992  |p 5435722  |r 2025-04-22  |w 2019-11-24  |y BK  |z Catalogado en:20171117  |k FIS